| 000 | 00653nam a22002177a 4500 | ||
|---|---|---|---|
| 999 |
_c22378 _d22378 |
||
| 003 | AR-CdUCM | ||
| 008 | 190306b ||||| |||| 00| 0 spa d | ||
| 020 | _a9786124767692 | ||
| 040 |
_aMUNICIPALIDAD PROVINCIAL DEL CUSCO _cBIBLIOTECA MUNICIPAL DEL CUSCO |
||
| 082 |
_a869.56/H557S _bH557S |
||
| 100 |
_aHernández, Arturo Demetrio _910590 |
||
| 245 |
_aSangama / _cArturo D. Hernández |
||
| 260 |
_aLima : _bTrazos, _c2020. |
||
| 300 |
_a256 páginas. : _c25 cm. |
||
| 650 |
_aNarrativa peruana _9226 |
||
| 650 |
_aNovelas peruanas _9545 |
||
| 650 |
_aNovelas de costumbres _9168 |
||
| 650 |
_aSiglo XX _98 |
||
| 942 |
_2ddc _cLIBROS |
||
| 945 | _arac | ||